000 00703nam a2200241Ia 4500
003 OSt
005 20220918202536.0
006 a|||||r|||| 00| 0
007 ta
008 220917b |||||||| |||| 00| 0 eng d
024 _a101,986
037 _cTextual
040 _aARTS
_cARTS
_beng
041 _2eng
_aeng
082 _aV218:91-264:N7, L2
100 _aReddy G Ram
_9104247
245 0 _aVoter and panchayati Raj
_b a study of the electoral behaviour during District Andhra Pradesh ed by V R K Paramahnsa
260 _c1972
650 _aHISTORY
700 _a Seshadri K
942 _hV218:91-264:N7, L2
_cTEXL
_2CC
999 _c225446
_d225446